Understanding public policy

Αποθηκεύτηκε σε:
Λεπτομέρειες βιβλιογραφικής εγγραφής
Κύριος συγγραφέας: Dye, Thomas R.
Μορφή: Βιβλίο
Γλώσσα:English
Δημοσίευση: New Jersey : Prentice Hall, c1995
Έκδοση:8th ed.
Θέματα:
Ετικέτες: Προσθήκη ετικέτας
Δεν υπάρχουν, Καταχωρήστε ετικέτα πρώτοι!

MARC

LEADER 00000nam a2200000 i 4500
001 1/2497
008 000509s1995 eng d
020 |a 0-13-097411-0 
035 |l 10060454 
040 |a GR-MY-UA  |b gre  |e aacr 
041 0 |a eng 
082 0 |a 361.610973 
100 1 |a Dye, Thomas R. 
245 1 0 |a Understanding public policy /  |c Thomas R. Dye 
250 |a 8th ed. 
260 |a New Jersey :   |b Prentice Hall,   |c c1995 
300 |a x, 342 σ.;  |b εικ.;  |c 25 εκ. 
504 |a Περιέχει βιβλιογραφικές παραπομπές και ευρετήριο 
651 0 |a United States  |x Social policy. 
651 0 |a United States  |x Social conditions  |y 1980- 
651 0 |a United States  |x Politics and government  |y 20th century. 
852 |a INST  |b LESVOS  |e 20000509  |h 361.610973 DYE  |p 005100024493  |q 005100024493  |t BK  |y 0 
901 |a BIBL1-2000-2 
909 |a Λ  |b 077755 
922 |a 1ΕΛΗ  |b 200003  |c ΚΠΣ/ΤΚ  |d ΚΩΣΤΑΡΑΚΗΣ 
950 |a 103-1999-11-25 
970 |a ΤΖΑΦΕΡΗ  |b ΕΥΑΓΓΕΛΙΑ  |z 2000/04/09